Closest Megacity To... - Statistics

General Stats
  • This quiz has been taken 7 times
  • The average score is 11 of 16
Answer Stats
City Closest Megacity % Correct
Aden Cairo
86%
Johor Bahru Jakarta
86%
Dodoma Kinshasa
86%
Vancouver Los Angeles
86%
Warsaw Moscow
86%
Nuuk New York
86%
Valparaíso Buenos Aires
71%
Nagpur Hyderabad
71%
Harbin Seoul
71%
Manaus Bogotá
57%
Kunming Chongqing
57%
Ürümqi Lahore
57%
Roskilde London
57%
Alma Ata Moscow
57%
Oran Paris
57%
South Tarawa Manila
43%
No matching quizzes found
Score Distribution
Percent of People with Each Score
Percentile by Number Answered
Your Score History
You have not taken this quiz